| 000 | 00963nam a22002415i 4500 | ||
|---|---|---|---|
| 001 | 167278 | ||
| 003 | ES-MaACL | ||
| 005 | 20250909175452.0 | ||
| 008 | 981002q18701900sp a |||| | spa d | ||
| 040 |
_aGA _bspa _cCCPB | 3D |
||
| 080 | _a821.133.1-31"18" | ||
| 100 | 1 |
_aVerne, Jules, _d1828-1905 _9188654 |
|
| 245 | 1 | 4 |
_aLos descubrimientos del globo / _cobra escrita en francés por Julio Verne ; versión española. |
| 250 | _aEd. ilustrada con grab. | ||
| 260 |
_aMadrid : _bSáenz de Jubera, Hermanos, _c[18-?] ( _fSucesores de Rivadeneyra) |
||
| 300 |
_a4 v. : _bil. ; _c28 cm. |
||
| 594 | 1 | _aTrad. del t. 3 : N. Fernández Cuesta. | |
| 596 | 1 | _aSáenz de Jubera, Hermanos, ejercen ca. 1870-1925. | |
| 597 | 1 | _aTexto a dos col. | |
| 700 | 1 |
_aFernández Cuesta, Nemesio, _d1818-1893 _949614 |
|
| 852 |
_aES-MaACL _jB-12391(4-7) _z-- Enc. ed. en tela con planchas polícromas _x-- Edic.: corregir T300 son 4 v. |
||
| 999 |
_c167278 _d167278 |
||